[Event "Belt and Road Hunan op-B"]
[Site "Changsha"]
[Date "2019.08.01"]
[Round "7"]
[White "Munkhzul, Turmunkh"]
[Black "Li, Zhaoyang"]
[Result "1/2-1/2"]
[WhiteElo "2386"]
[BlackElo "2165"]
[PlyCount "54"]
[EventDate "2019.07.29"]
[EventType "swiss"]
[EventRounds "9"]
[EventCountry "CHN"]
[SourceTitle "EXT 2020"]
[Source "ChessBase"]
[SourceDate "2019.10.17"]
[SourceVersion "1"]
[SourceVersionDate "2019.10.17"]
[SourceQuality "1"]

1. e4 c6 2. d4 d5 3. Nc3 dxe4 4. Nxe4 Nf6 5. Nxf6+ exf6 6. Nf3 Bd6 7. Bd3 0-0 8. 0-0 Re8 9. h3 Nd7 10. c3 Nf8 11. Qc2 Ng6 12. Bd2 Be6 13. Rfe1 Qd7 14. Bf1 Bc7 15. Be3 h6 16. c4 Qd6 17. Bd3 Nf8 18. Rad1 Rad8 19. a3 a5 20. Qc3 Qd7 21. Bf1 Qc8 22. b4 axb4 23. axb4 Ng6 24. Qc1 Bb8 25. Qb2 Qc7 26. Bd3 Qc8 27. Bf1 Qc7 1/2-1/2

[Event "PRO League KO Stage"]
[Site "Chess.com INT"]
[Date "2018.03.13"]
[Round "1"]
[White "Li, Zhaoyang"]
[Black "Holt, Conrad"]
[Result "0-1"]
[WhiteElo "2091"]
[BlackElo "2584"]
[PlyCount "72"]
[EventDate "2018.03.13"]
[EventType "team-k.o. (rapid)"]
[EventRounds "4"]
[EventCountry "USA"]
[SourceTitle "CBM 183 Extra"]
[Source "ChessBase"]
[SourceDate "2018.04.19"]
[SourceVersion "1"]
[SourceVersionDate "2018.04.19"]
[SourceQuality "1"]
[WhiteTeam "Chengdu Pandas"]
[BlackTeam "Dallas Destiny"]
[WhiteTeamCountry "CHN"]
[BlackTeamCountry "USA"]

1. d4 d5 2. c4 c6 3. Nf3 Nf6 4. Nc3 dxc4 5. a4 Bf5 6. Ne5 Nbd7 7. Nxc4 Nb6 8. Ne3 e6 9. Nxf5 exf5 10. g3 Bb4 11. Bg2 0-0 12. 0-0 a5 13. e3 Re8 14. Qb3 h5 15. Bd2 h4 16. Rfd1 Qe7 17. Ne2 Bxd2 18. Rxd2 Nbd5 19. Nf4 hxg3 20. hxg3 Nxf4 21. exf4 Rad8 22. d5 Rd6 23. Rad1 Red8 24. Qc3 cxd5 25. Qxa5 Qd7 26. b3 d4 27. Qb4 Ne4 28. Rd3 b6 29. a5 bxa5 30. Qxa5 Nc3 31. Re1 Rc8 32. b4 Ne4 33. Bxe4 fxe4 34. Rxe4 Qh3 35. Qe5 Rh6 36. f3 Qh1+ 0-1

[Event "PRO League Stage"]
[Site "Chess.com INT"]
[Date "2018.01.25"]
[Round "2"]
[White "Bryant, John Daniel"]
[Black "Li, Zhaoyang"]
[Result "1-0"]
[WhiteElo "2437"]
[BlackElo "2091"]
[PlyCount "57"]
[EventDate "2018.01.18"]
[EventType "team-swiss (rapid)"]
[EventRounds "9"]
[EventCountry "USA"]
[SourceTitle "CBM 182 Extra"]
[Source "ChessBase"]
[SourceDate "2018.02.23"]
[SourceVersion "1"]
[SourceVersionDate "2018.02.23"]
[SourceQuality "1"]
[WhiteTeam "San Diego Surfers"]
[BlackTeam "Chengdu Pandas"]
[WhiteTeamCountry "USA"]
[BlackTeamCountry "CHN"]

1. e4 e5 2. Nf3 Nf6 3. Nxe5 d6 4. Nf3 Nxe4 5. d4 d5 6. Bd3 Be7 7. 0-0 Nc6 8. Re1 Bg4 9. c3 f5 10. Qb3 Qd6 11. Nbd2 0-0-0 12. Bb5 Nxd2 13. Nxd2 Rde8 14. Nf1 f4 15. Bxc6 bxc6 16. c4 g5 17. Bd2 dxc4 18. Qxc4 Bf6 19. Bb4 Qd5 20. Qa6+ Kd7 21. Bc5 h5 22. Nd2 f3 23. Nc4 fxg2 24. Ne3 Rxe3 25. Rxe3 Bf5 26. Rae1 Qf7 27. Qb7 Rd8 28. b4 Qd5 29. Re7+ 1-0

[Event "Bad Zwesten op 17th"]
[Site "Bad Zwesten"]
[Date "2017.01.04"]
[Round "4"]
[White "Michalczak, Thomas"]
[Black "Li, Zhaoyang"]
[Result "1-0"]
[WhiteElo "2246"]
[BlackElo "1998"]
[PlyCount "79"]
[EventDate "2017.01.02"]
[EventType "swiss"]
[EventRounds "7"]
[EventCountry "GER"]
[SourceTitle "CBM 176 Extra"]
[Source "ChessBase"]
[SourceDate "2017.03.02"]
[SourceVersion "1"]
[SourceVersionDate "2017.03.02"]
[SourceQuality "1"]

1. e4 e5 2. Nf3 Nf6 3. Nxe5 d6 4. Nf3 Nxe4 5. d4 d5 6. Bd3 Nc6 7. 0-0 Be7 8. Nc3 Nxc3 9. bxc3 0-0 10. Re1 Bg4 11. Bf4 Rb8 12. Rb1 Bd6 13. Bxd6 Qxd6 14. Re3 Bh5 15. Qc1 f6 16. Nh4 Ne7 17. Qe1 Rfe8 18. c4 dxc4 19. Bxc4+ Bf7 20. Bxf7+ Kxf7 21. Qe2 g6 22. Re1 Qd7 23. c4 Ng8 24. Nf3 Rxe3 25. fxe3 Re8 26. e4 Ne7 27. d5 Qd6 28. Qf2 Kg8 29. Qxa7 b6 30. Qa4 Rf8 31. Kh1 c6 32. Nd4 b5 33. cxb5 cxd5 34. Qb3 Kh8 35. exd5 Nxd5 36. a4 Nf4 37. Nf3 Rd8 38. b6 Nd3 39. Rf1 Qc5 40. b7 1-0

[Event "Danzhou Hainan op 1st"]
[Site "Danzhou"]
[Date "2016.12.09"]
[Round "3"]
[White "Li, Zhaoyang"]
[Black "Hong, Xing"]
[Result "1-0"]
[WhiteElo "2002"]
[BlackElo "2043"]
[PlyCount "49"]
[EventDate "2016.12.07"]
[EventType "swiss"]
[EventRounds "9"]
[EventCountry "CHN"]
[SourceTitle "CBM 176 Extra"]
[Source "ChessBase"]
[SourceDate "2017.03.02"]
[SourceVersion "1"]
[SourceVersionDate "2017.03.02"]
[SourceQuality "1"]

1. e4 c5 2. Nc3 e6 3. g3 d5 4. d3 Nf6 5. Bg2 Be7 6. f4 Nc6 7. e5 Nd7 8. Nf3 0-0 9. 0-0 a6 10. a4 b6 11. Qe2 Qc7 12. Kh1 Bb7 13. f5 Nd4 14. Nxd4 cxd4 15. f6 dxc3 16. Qg4 g6 17. d4 Bb4 18. b3 Rfc8 19. Qh3 h5 20. g4 hxg4 21. Qh4 Rab8 22. Bh6 Nf8 23. Rf4 Nh7 24. Rxg4 Qd8 25. Bg7 1-0

[Event "Danzhou Hainan op 1st"]
[Site "Danzhou"]
[Date "2016.12.07"]
[Round "1"]
[White "Li, Zhaoyang"]
[Black "Li, Bo"]
[Result "0-1"]
[WhiteElo "2002"]
[BlackElo "2364"]
[PlyCount "116"]
[EventDate "2016.12.07"]
[EventType "swiss"]
[EventRounds "9"]
[EventCountry "CHN"]
[SourceTitle "CBM 176 Extra"]
[Source "ChessBase"]
[SourceDate "2017.03.02"]
[SourceVersion "1"]
[SourceVersionDate "2017.03.02"]
[SourceQuality "1"]

1. Nf3 d5 2. c4 d4 3. b4 c5 4. Bb2 e6 5. g3 Nf6 6. d3 b6 7. Bg2 Bb7 8. 0-0 Be7 9. Nbd2 0-0 10. Rb1 Qc7 11. bxc5 bxc5 12. Ba3 Bc6 13. Nb3 Na6 14. Qd2 Rae8 15. Qa5 Qc8 16. Ne5 Bxg2 17. Kxg2 Bd6 18. Nf3 e5 19. Nfd2 Qc6+ 20. f3 Ng4 21. Kg1 Ne3 22. Rfc1 Rb8 23. Nf1 Nf5 24. Qd2 Be7 25. e4 Nd6 26. Qc2 Bg5 27. Re1 Bd8 28. Qd2 Bb6 29. f4 Qa4 30. Qc1 f6 31. Re2 Rbe8 32. Na1 f5 33. exf5 exf4 34. Rxe8 Rxe8 35. Qxf4 Qxa3 36. Qxd6 Qxd3 37. Qd5+ Kf8 38. Rb3 Qe4 39. Qxe4 Rxe4 40. Kf2 Nb4 41. a3 Nc6 42. Nd2 Re7 43. g4 Ne5 44. Rg3 h5 45. h3 h4 46. Rb3 Ba5 47. Rb8+ Kf7 48. Nab3 Nd3+ 49. Kf1 Bxd2 50. Nxd2 Re1+ 51. Kg2 Re2+ 52. Kf3 Rxd2 53. g5 Ne5+ 54. Ke4 Nxc4 55. Rb7+ Kf8 56. Kd5 Nb6+ 57. Kxc5 d3 58. Rxa7 Rb2 0-1

[Event "Shenzhen zt 3.5"]
[Site "Shenzhen"]
[Date "2016.07.01"]
[Round "6"]
[White "Xiang, Zeyu"]
[Black "Li, Zhaoyang"]
[Result "1-0"]
[WhiteElo "2237"]
[BlackElo "2037"]
[PlyCount "127"]
[EventDate "2016.06.26"]
[EventType "swiss"]
[EventRounds "11"]
[EventCountry "CHN"]
[SourceTitle "CBM 173 Extra"]
[Source "ChessBase"]
[SourceDate "2016.08.29"]
[SourceVersion "1"]
[SourceVersionDate "2016.08.29"]
[SourceQuality "1"]

1. d4 Nf6 2. c4 e5 3. dxe5 Ng4 4. Bf4 Nc6 5. Nf3 Bb4+ 6. Nbd2 Qe7 7. e3 Ngxe5 8. Nxe5 Nxe5 9. Be2 0-0 10. 0-0 Ng6 11. Bg3 Bd6 12. Bxd6 Qxd6 13. Qc2 Qe7 14. c5 d6 15. cxd6 Qxd6 16. Rfd1 c6 17. Nb3 Qe7 18. Qc5 Re8 19. Qxe7 Nxe7 20. Bf3 Rb8 21. a4 Ng6 22. Rac1 Ne5 23. Be2 Kf8 24. h3 Ng6 25. Nc5 Ke7 26. b4 Rd8 27. Rxd8 Kxd8 28. f4 Nf8 29. Bf3 Ne6 30. Nb3 Ke7 31. g4 g6 32. Kf2 Bd7 33. Na5 f5 34. g5 b5 35. axb5 Rxb5 36. Nxc6+ Bxc6 37. Rxc6 Rxb4 38. Ra6 Rb2+ 39. Kg3 Rb3 40. Rxa7+ Kf8 41. Kf2 Rb2+ 42. Kf1 Nc5 43. Rxh7 Nd3 44. Bd5 Rf2+ 45. Kg1 Re2 46. Rh8+ Ke7 47. Bc6 Kf7 48. Re8 Rc2 49. Bb5 Rc1+ 50. Kg2 Rc2+ 51. Kg3 Nf2 52. Ba4 Rb2 53. Rc8 Ne4+ 54. Kh4 Re2 55. Rc7+ Kf8 56. Rc8+ Kg7 57. Be8 Rxe3 58. Rc7+ Kg8 59. Bxg6 Rf3 60. Bxf5 Rxf4+ 61. Bg4 Nf2 62. Kg3 Rf8 63. Be6+ Kh8 64. g6 1-0

[Event "Shenzhen zt 3.5"]
[Site "Shenzhen"]
[Date "2016.06.30"]
[Round "5"]
[White "Li, Zhaoyang"]
[Black "Zuo, Yifan"]
[Result "1-0"]
[WhiteElo "2037"]
[BlackElo "1823"]
[PlyCount "121"]
[EventDate "2016.06.26"]
[EventType "swiss"]
[EventRounds "11"]
[EventCountry "CHN"]
[SourceTitle "CBM 173 Extra"]
[Source "ChessBase"]
[SourceDate "2016.08.29"]
[SourceVersion "1"]
[SourceVersionDate "2016.08.29"]
[SourceQuality "1"]

1. e4 c5 2. Nc3 Nc6 3. g3 g6 4. Bg2 Bg7 5. d3 e6 6. Be3 d6 7. Qd2 a6 8. Nge2 Nd4 9. Nd1 Ne7 10. Nc1 0-0 11. c3 Ndc6 12. Ne2 f5 13. 0-0 fxe4 14. dxe4 b6 15. Bg5 Ne5 16. Ne3 Nf7 17. Bxe7 Qxe7 18. f4 Bb7 19. Rae1 Rae8 20. g4 g5 21. f5 exf5 22. Nxf5 Qe6 23. Nxg7 Kxg7 24. Rf5 h6 25. Ng3 Ne5 26. Nh5+ Kg8 27. Ref1 Nxg4 28. h3 Rxf5 29. exf5 Qe2 30. Qxe2 Rxe2 31. Bxb7 Ne3 32. Rf3 a5 33. Ng3 Re1+ 34. Kf2 Nc2 35. Be4 Rb1 36. Re3 Nxe3 37. Bxb1 Nd1+ 38. Ke2 Nxb2 39. Ne4 Kf7 40. Nxd6+ Kf6 41. Kd2 Ke5 42. Nf7+ Kf6 43. Nxh6 Nc4+ 44. Ke2 b5 45. Ng4+ Kf7 46. Bd3 Nd6 47. Ne5+ Ke8 48. Nf3 c4 49. Bc2 b4 50. cxb4 axb4 51. Nxg5 b3 52. axb3 cxb3 53. Bb1 Ke7 54. Kf3 Nc4 55. Ne4 Na3 56. Nd2 b2 57. Bd3 Kf6 58. Kf4 Ke7 59. Nb1 Nxb1 60. Bxb1 Kf6 61. h4 1-0

[Event "CHN Team"]
[Site "Zhongshan"]
[Date "2015.07.14"]
[Round "8"]
[White "Li, Zhaoyang"]
[Black "Peng, Shunkai"]
[Result "1-0"]
[WhiteElo "2006"]
[BlackElo "1769"]
[PlyCount "93"]
[EventDate "2015.07.11"]
[EventType "team-swiss"]
[EventRounds "11"]
[EventCountry "CHN"]
[SourceTitle "CBM 167 Extra"]
[Source "ChessBase"]
[SourceDate "2015.09.14"]
[SourceVersion "1"]
[SourceVersionDate "2015.09.14"]
[SourceQuality "1"]
[WhiteTeam "Sichuan Chao Yue"]
[BlackTeam "Shanghai CC"]
[WhiteTeamCountry "CHN"]
[BlackTeamCountry "CHN"]

1. Nf3 Nf6 2. c4 g6 3. Nc3 Bg7 4. g3 d6 5. Bg2 0-0 6. 0-0 Nbd7 7. d4 c6 8. Rb1 e5 9. Bg5 h6 10. Bxf6 Qxf6 11. Ne4 Qe7 12. dxe5 dxe5 13. Qd6 Qxd6 14. Nxd6 Rd8 15. Rfd1 Nf8 16. b4 Be6 17. a4 Rd7 18. c5 a5 19. b5 Ba2 20. bxc6 bxc6 21. Rb6 Bd5 22. Ne1 Bxg2 23. Nxg2 Ne6 24. Rxc6 Bf8 25. Ne3 Nd4 26. Nd5 Rxd6 27. Rxd6 Bxd6 28. cxd6 Rd8 29. d7 Nxe2+ 30. Kf1 Nd4 31. f4 Kf8 32. Nb6 Nf5 33. Kf2 exf4 34. gxf4 Ke7 35. Rd5 Nd6 36. Re5+ Kf8 37. Rxa5 Ne4+ 38. Kf3 Nf6 39. Ra7 Ke7 40. a5 g5 41. a6 gxf4 42. Rb7 Kd6 43. a7 Kc6 44. Rb8 Nxd7 45. a8Q+ Kd6 46. Rxd8 Ke6 47. Rxd7 1-0